Afrikanische Kolonien mit einer Karte - Statistiken

Allgemein
  • Dieses Quiz wurde 125 mal gespielt
    94 seit der letzten Aktualisierung
  • Das Durchschnittsergebnis liegt bei 32 aus 51
Antworten auf der Karte
Die Antworten werden auf der Karte rot bzw. grün angezeigt, abhängig davon wie oft sie richtig erraten wurden.
 
Antwortstatistiken
Kolonien % Korrekt
Algerien
96%
Belgisch-{Kongo}
96%
Kabinda
96%
Französisch {Marokko}
95%
Spanisch {Marokko}
95%
Ägypten
94%
Madagaskar
93%
Südafrika
93%
Tunesien
93%
Britisch {Ostafrika}
91%
Angola
90%
Libyen
90%
Sudan
90%
Nigeria
87%
Kamerun
84%
Togoland
84%
Elfenbeinküste
83%
Eritrea
82%
Portugiesisch {Guinea}
82%
Kap Verde
78%
Mosambik
77%
Uganda
77%
Mauritius
74%
Seychellen
73%
Komoren
72%
Ruanda-Urundi
72%
Gambia
68%
Sao Tome und Principe
68%
Swasiland
67%
Britisch {Somaliland}
61%
Französisch {Somaliland}
61%
Italienisch {Somaliland}
61%
Deutsch {Südwestafrika}
60%
Deutsch{Ostafrika}
59%
Sierra Leone
59%
Französisch {Westafrika}
57%
Kanarische Inseln
55%
Reunion
38%
Goldküste
34%
Madeira
34%
Nordrhodesien
27%
Südrhodesien
27%
Betschuanaland
16%
Walvis Bay
13%
Französisch {Äquatorialafrika}
12%
Nyasaland
11%
Rio de Oro
11%
Sansibar
11%
Basutoland
9%
Bioko
9%
Mbini
7%
Keine übereinstimmenden Quizze gefunden
Verteilung der Resultate
Anzahl Personen mit jedem Resultat
Perzentil nach korrekt beantworteten Fragen
Ihre Resultats-Entwicklung
Sie haben dieses Quiz seit der letzten Aktualisierung nicht gespielt